Vybraná finančná analýza komerčnej poisťovne bakalárska práca

Na minha lista:
Detalhes bibliográficos
Autor principal: Faybíková, Ivana, 1995-
Autor Corporativo: Fakulta hospodárskej informatiky EU. Katedra účtovníctva a audítorstva
Outros Autores: Meluchová, Jitka, 1965-
Formato: Livro
Idioma:eslovaco
Publicado em: Bratislava 2017
Tags: Adicionar Tag
Sem tags, seja o primeiro a adicionar uma tag!

MARC

LEADER 00000nbm a2200000 4500
001 0233039
005 20180412133610.5
041 0 |a slo 
044 |a SK 
245 1 0 |a Vybraná finančná analýza komerčnej poisťovne  |b bakalárska práca  |c Ivana Faybíková ; školiteľ: Jitka Meluchová 
264 1 |a Bratislava  |c 2017 
300 |a 47 s. 
100 1 |a Faybíková, Ivana, 1995- 
700 1 |a Meluchová, Jitka, 1965- 
710 2 |a Fakulta hospodárskej informatiky EU. Katedra účtovníctva a audítorstva